000 00238nam a22000857a 4500
999 _c4492
_d4492
008 161202b xxu||||| |||| 00| 0 eng d
020 _a0030460867
100 _91784
_aHuck C. S
245 _aChildren literature in the elementory school
260 _aNew york
_boxford
_c1979